000 00341 a2200157 4500
001 159400
020 _a
040 _cMagnum
100 _aAbril
240 1 0 _aRevista recreio : mes de fevereiro
_lpor
245 1 0 _aRevista recreio : mes de fevereiro
362 0 _a1899
440 1 _aAbril
697 _aMAGNITO: J/GERAL
942 _cBK
999 _c159400
_d159400